000 00684cam a22002417a 4500
001 15955603
003 OSt
005 20250901165815.0
008 091022s2006 ke a 000 d eng
010 _a 2009333518
020 _a9966991794
040 _aDLC
_cDLC
042 _alcode
050 0 0 _aPR 9408.9 .M67 2008
100 1 _aMorgan, Sekundu.
245 1 0 _aDawn of reality 1 /
_cSekundu Morgan.
260 _aNairobi, Kenya :
_bMorsel Publishers International,
_cc2006.
300 _axiv, 78 p. :
_bcol. ill. ;
_c21 cm.
520 _aA play.
906 _a7
_bcbc
_corigode
_d4
_encip
_f20
_gy-gencatlg
942 _2lcc
_cBK
999 _c9483
_d9483